1941 1028 1800 1475 1498 1711 1472 1107 1861 1318 1308 1158 1180 1323 1147 1466 1190 1367 1603 1184 1809 1509 1611 1253 1775 1656 1055 1304 1073 1311 1195 1308 1271 1376 1518 1975 1455 1607 1099 1537 1431 1958 1006 1723 1889 1301 1812 1471 1285 1957 1407 1129 1414 1928 1597 1387 1658 1515 1607 1745 1273 1580 1656 1167 1898 1743 1055 1166 1609 1983 1558 1233 1715 1880 1988 1818 1672 1345 1448 1267 1637 1651 1883 1161 1910 1696 1513 1683 1678 1551 1188 1926 1766 1186 1784 1560 1464 1112 1027 BCNSPRNW ULIB Ver.6.0+V

เปลี่ยนเป็นภาษาไทย

Change to English
 แสดงรายละเอียดบรรณานุกรม
  กลับหน้าหลัก

Brief Record : Get Marc (ISO 2709) : E-mail record : QR code < ปิดหน้าต่าง
LEADER : 00000nam 2200000uu 4500
001    13399109807
003     ULIB
008    110411s2551||||th 000 0 tha d
020    9789743429194
060 04 WC503.2^bส253ก 2551
100 0  สมนึก สังฆานุภาพ
245 10 การดื้อยาต้านเอชไอวี :^bหลักการพื้นฐานและการใช้ทางคลินิก =HIV drug resistance : basic principles & clinical implications /^cสมนึก สังฆานุภาพ
246 30 HIV drug resistance :^bbasic principles & clinicalimplications
250    พิมพ์ครั้งที่ 1
260    กรุงเทพฯ :^bหน่วยโรคติดเชื้อ ภาควิชาอายุรศาสตร์คณะแพทยศาสตร์โรงพยาบาลรามาธิบดี มหาวิทยาลัยมหิดล,^c2551
300    [6], 232 หน้า :^bภาพประกอบ ;^c27 ซม.
650  2 HIV
650  2 Resistance
650  7 กลุ่มอาการภูมิคุ้มกันเสื่อม^xการรักษาด้วยยา^xผลไม่พึงประสงค์
650  7 เอชไอวี, การติดเชื้อ^xการรักษา
650  7 การดื้อยา
650  7 สารต้านไวรัส^xผลไม่พึงประสงค์
650  7 เอชไอวี, การติดเชื้อ^xการรักษาด้วยยา^xผลไม่พึงประสงค์
710 2  มหาวิทยาลัยมหิดล. ^bคณะแพทยศาสตร์โรงพยาบาลรามาธิบดี.^bภาควิชาอายุรศาสตร์
945    ^p450^l0^i025688
945    ^p450^l0^i025687
945    ^p450^l0^i025686
995    ทศพร
999 ^a ใช้งานได้ทุกระบบ
รายการนี้ยังไม่มีแท็ก
คุณยังไม่ได้ล็อกอิน คุณสามารถมีกิจกรรมร่วมกับเว็บไซต์ได้ แต่ต้องล็อกอินก่อน ::
  ล็อกอิน

รายการสื่อสารสนเทศ

ลำดับที่ ประเภท เลขเรียก/บาร์โค้ด สถานที่ สถานะ
- ไม่พบข้อมูล -

รายการใกล้เคียง
    ผู้แต่ง [สมนึก สังฆานุภาพ]

    หัวเรื่อง [HIV]
    หัวเรื่อง [Resistance]
    หัวเรื่อง [การดื้อยา]

BibComment


ยังไม่เคยถูกคอมเมนท์

คอมเมนท์ทรัพยากรรายการนี้
  คอมเมนท์: การดื้อยาต้านเอชไ..


 Copyright 2026. Bcnsprnw @Library